Costa Rica: la crisis de una democracia

Salvato in:
Dettagli Bibliografici
Ente Autore: Centro de Estudios para la Acción Social
Natura: testo
Pubblicazione: San José: CRIES
Soggetti:
Tags: Aggiungi Tag
Nessun Tag, puoi essere il primo ad aggiungerne!!

MARC

LEADER 00000 a a2200000 04500
001 14517
003
040
090 |a 022900  
110 |a Centro de Estudios para la Acción Social  
245 |a Costa Rica: la crisis de una democracia  
260 |a San José:   |b CRIES  
300 |a 21 p.  
650 |a DEMOCRACIA  
999 |c 11470  |d 11470